Normal view
MARC view
- BATTERIES-STORING ENERGY LEAD-ACID BATTERIES ALKALINE BATTERI FLOW BATTERIES SODIUM BATTERIES LITHIUM BATTERIES
Entry Topical Term
001 - CONTROL NUMBER
- control field: 78145
003 - CONTROL NUMBER IDENTIFIER
- control field: NUST
005 - DATE AND TIME OF LATEST TRANSACTION
- control field: 20210628210114.0
008 - FIXED-LENGTH DATA ELEMENTS
- fixed length control field: 210628|| aca||aabn | a|a d
040 ## - CATALOGING SOURCE
- Original cataloging agency: NUST
- Transcribing agency: NUST
150 ## - HEADING--TOPICAL TERM
- Topical term or geographic name entry element: BATTERIES-STORING ENERGY LEAD-ACID BATTERIES ALKALINE BATTERI FLOW BATTERIES SODIUM BATTERIES LITHIUM BATTERIES
670 ## - SOURCE DATA FOUND
- Source citation: Work cat.: (NUST): Rand, D.A.J Woods, R Dell, R.M 78144, Batteries for electric vehicl, 1998
